00357 a2200121 450000100060000010000150000624500430002126000290006409000170009394200220011099900190013295200840015127700 aMahmood, S aConstitutional foundations of Pakistan abPublisher United Ltdc c18473d18473 aNUST-CAEcMc9417 c262773d262773 001040708NFICaCAEbCAEd2017-04-03l0pCAE23954r2017-04-05w2017-04-05yBK